[Event "Europa tch 2011 femenino"]
[Site "Porto Carras"]
[Date "2011.11.05"]
[Round "3.13"]
[White "Erneste, Inguna"]
[Black "Carlsen, Ellen Oen"]
[Result "1/2-1/2"]
[WhiteElo "2218"]
[BlackElo "1931"]
[PlyCount "62"]
[EventDate "2011.11.03"]
[EventType "team"]
[EventRounds "9"]
[EventCountry "GRE"]
[Source "lmi"]
[SourceDate "2011.11.03"]

1. e4 c5 2. Nf3 Nc6 3. d4 cxd4 4. Nxd4 Nf6 5. Nc3 e5 6. Ndb5 d6 7. Bg5 a6 8.
Na3 b5 9. Nd5 Be7 10. Bxf6 Bxf6 11. c3 Bg5 12. Nc2 Ne7 13. a4 O-O 14. axb5 Nxd5
15. exd5 Qb6 16. Be2 f5 17. O-O Bb7 18. bxa6 Bxa6 19. Bxa6 Rxa6 20. Rxa6 Qxa6
21. Nb4 Qc4 22. f3 Qh4 23. Qe1 Qh6 24. g3 Be3+ 25. Kg2 f4 26. Nc2 Bb6 27. g4
Qg5 28. Qe4 h5 29. h3 Qh4 30. Qe1 Qg5 31. Qe4 Qh4 1/2-1/2

[Event "Europa tch 2011 femenino"]
[Site "Porto Carras"]
[Date "2011.11.05"]
[Round "3.13"]
[White "Hansen, Erle Andrea Marki"]
[Black "Ungure, Liga"]
[Result "0-1"]
[WhiteElo "1762"]
[BlackElo "2066"]
[PlyCount "76"]
[EventDate "2011.11.03"]
[EventType "team"]
[EventRounds "9"]
[EventCountry "GRE"]
[Source "lmi"]
[SourceDate "2011.11.03"]

1. Nf3 Nf6 2. g3 g6 3. b3 Bg7 4. Bb2 O-O 5. Bg2 d6 6. O-O e5 7. c4 c6 8. d3
Nbd7 9. Nbd2 Qe7 10. Rc1 a5 11. a3 b6 12. Qc2 Bb7 13. Qb1 Rfc8 14. Rfd1 d5 15.
Ne1 d4 16. e3 dxe3 17. fxe3 Ng4 18. Nc2 Nc5 19. h3 Nxd3 20. hxg4 Nxc1 21. Qxc1
Rd8 22. Rf1 Qd7 23. Ne4 Qxg4 24. Qe1 Qd7 25. Qf2 f5 26. Ng5 Qe7 27. Nf3 Rd3 28.
Qe2 Rd7 29. Nce1 Rad8 30. Bc1 e4 31. Nd4 c5 32. Nb5 Rd1 33. Nc2 Rxf1+ 34. Bxf1
Qg5 35. Qf2 Be5 36. Kh2 Rd1 37. Bd2 Bxg3+ 38. Qxg3 Rxd2+ 0-1

[Event "Europa tch 2011 femenino"]
[Site "Porto Carras"]
[Date "2011.11.05"]
[Round "3.13"]
[White "Reizniece-Ozola, Dana"]
[Black "Johnsen, Sylvia"]
[Result "1-0"]
[WhiteElo "2281"]
[BlackElo "2028"]
[PlyCount "85"]
[EventDate "2011.11.03"]
[EventType "team"]
[EventRounds "9"]
[EventCountry "GRE"]
[Source "lmi"]
[SourceDate "2011.11.03"]

1. c4 Nf6 2. Nf3 e6 3. g3 d5 4. Bg2 c5 5. O-O Nc6 6. b3 Be7 7. e3 O-O 8. Bb2 d4
9. exd4 cxd4 10. Re1 Qb6 11. d3 Rd8 12. Na3 Ne8 13. Nc2 a5 14. Rb1 f6 15. a3 e5
16. b4 axb4 17. axb4 Bg4 18. b5 Ra2 19. h3 Bxf3 20. Bxf3 Nb4 21. Nxb4 Bxb4 22.
Re2 Bc5 23. Bxd4 Rxe2 24. Bxc5 Qxc5 25. Qxe2 Nd6 26. Bd5+ Kh8 27. Qe3 Qa3 28.
g4 Qa2 29. Re1 Qa5 30. Rb1 Qa2 31. Qc1 b6 32. Ra1 Qe2 33. Qe3 Qxe3 34. fxe3 h5
35. Kf2 Nxb5 36. gxh5 Nd6 37. Ra6 b5 38. c5 Ne8 39. Bf7 Nc7 40. Rb6 Kh7 41. Rb7
Rd7 42. Bg6+ Kh6 43. h4 1-0

[Event "Europa tch 2011 femenino"]
[Site "Porto Carras"]
[Date "2011.11.05"]
[Round "3.13"]
[White "Reppen, Ellisiv"]
[Black "Berzina, Ilze"]
[Result "0-1"]
[WhiteElo "1949"]
[BlackElo "2320"]
[PlyCount "82"]
[EventDate "2011.11.03"]
[EventType "team"]
[EventRounds "9"]
[EventCountry "GRE"]
[Source "lmi"]
[SourceDate "2011.11.03"]

1. e4 c6 2. d4 d5 3. Nc3 dxe4 4. Nxe4 Nd7 5. Nf3 Ngf6 6. Ng3 c5 7. dxc5 e6 8.
Bc4 Bxc5 9. O-O Qc7 10. Qe2 O-O 11. a3 a5 12. Bd2 b6 13. b4 Bd6 14. Rad1 Bb7
15. Nd4 Ne5 16. Bb3 a4 17. Ba2 Ba6 18. b5 Bb7 19. Bg5 Nd5 20. Ne4 Ng6 21. Bxd5
Bxh2+ 22. Kh1 Bxd5 23. Nd2 Bf4 24. Qg4 Bxg5 25. Qxg5 e5 26. Nf5 Be6 27. Ne4
Qxc2 28. f3 Bxf5 29. Qxf5 Qxg2+ 30. Kxg2 Nh4+ 31. Kf2 Nxf5 32. Rd5 f6 33. Rfd1
Nd4 34. Rd6 Rab8 35. Nc3 Rfc8 36. Nxa4 Nxb5 37. Rd7 Nd4 38. Rg1 Nf5 39. Rb1 b5
40. Nb2 Rc2+ 41. Ke1 Rc3 0-1

[Event "Europa tch 2011 femenino"]
[Site "Porto Carras"]
[Date "2011.11.05"]
[Round "3.14"]
[White "Bhatia, Kanwal K"]
[Black "Panella, Fiammetta"]
[Result "1/2-1/2"]
[WhiteElo "2087"]
[BlackElo "2014"]
[PlyCount "60"]
[EventDate "2011.11.03"]
[EventType "team"]
[EventRounds "9"]
[EventCountry "GRE"]
[Source "lmi"]
[SourceDate "2011.11.03"]

1. e4 c5 2. c3 Nf6 3. e5 Nd5 4. d4 cxd4 5. Nf3 e6 6. cxd4 d6 7. Bd3 Nc6 8. O-O
Be7 9. Re1 O-O 10. exd6 Bxd6 11. Nc3 Ncb4 12. Bb1 Nxc3 13. bxc3 Nd5 14. Qd3 g6
15. Ne5 b6 16. c4 Nc7 17. Qf3 Bxe5 18. dxe5 Qd4 19. Bh6 Qxa1 20. Qf6 Ne8 21.
Qe7 Ng7 22. Qf6 Ne8 23. Qe7 Ng7 24. Qf6 Nf5 25. Bxf8 Kxf8 26. Rd1 Bb7 27. Bc2
Qc3 28. Qh8+ Ke7 29. Qf6+ Kf8 30. Qh8+ Ke7 1/2-1/2

[Event "Europa tch 2011 femenino"]
[Site "Porto Carras"]
[Date "2011.11.05"]
[Round "3.14"]
[White "Ciuksyte, Dagne"]
[Black "Brunello, Marina"]
[Result "1-0"]
[WhiteElo "2327"]
[BlackElo "2221"]
[PlyCount "69"]
[EventDate "2011.11.03"]
[EventType "team"]
[EventRounds "9"]
[EventCountry "GRE"]
[Source "lmi"]
[SourceDate "2011.11.03"]

1. e4 c5 2. Nf3 d6 3. d4 cxd4 4. Nxd4 Nf6 5. Nc3 a6 6. a4 e5 7. Nf3 h6 8. Bc4
Qc7 9. Bb3 Be7 10. O-O O-O 11. Nh4 Nc6 12. Be3 Be6 13. Nf5 Rfd8 14. Qf3 Kh7 15.
Rad1 Rd7 16. Bxh6 Nd4 17. Rxd4 Bxf5 18. Rc4 Qxc4 19. Bxc4 Bg4 20. Qg3 gxh6 21.
Bxf7 Bd8 22. Nd5 Rxf7 23. Nxf6+ Bxf6 24. Qxg4 Rd8 25. Rd1 Be7 26. Rd3 Rg8 27.
Qe6 Rfg7 28. Rg3 Rxg3 29. hxg3 Rg7 30. Qf5+ Kg8 31. Qc8+ Bf8 32. a5 Rf7 33. c4
Rg7 34. b4 Rf7 35. b5 1-0

[Event "Europa tch 2011 femenino"]
[Site "Porto Carras"]
[Date "2011.11.05"]
[Round "3.14"]
[White "Messina, Roberta"]
[Black "Yurenok, Maria S"]
[Result "1/2-1/2"]
[WhiteElo "1964"]
[BlackElo "2106"]
[PlyCount "104"]
[EventDate "2011.11.03"]
[EventType "team"]
[EventRounds "9"]
[EventCountry "GRE"]
[Source "lmi"]
[SourceDate "2011.11.03"]

1. e4 c5 2. Nf3 e6 3. d4 cxd4 4. Nxd4 Nc6 5. Nc3 Qc7 6. Be2 a6 7. O-O Nf6 8.
Be3 b5 9. f4 Bb7 10. e5 Nxd4 11. Qxd4 Nd5 12. Nxd5 Bxd5 13. c3 Qb7 14. Bf3 Bxf3
15. Rxf3 Rc8 16. Qd3 g6 17. Rd1 Be7 18. Kh1 Rc7 19. Bd4 O-O 20. Rdf1 Bc5 21.
Rd1 Be7 22. Rdf1 Bc5 23. Rd1 Be7 24. Rh3 f5 25. Bf2 Rf7 26. Bh4 Bxh4 27. Rxh4
Rc4 28. Qd2 Qe4 29. Qd6 Qb7 30. Rd4 Rxd4 31. Qxd4 Rf8 32. Rh3 Rc8 33. b3 b4 34.
c4 a5 35. Rd3 Rc7 36. h4 h5 37. Rg3 Kf7 38. Rd3 Qc6 39. Qd6 Qe4 40. Rd1 Qb7 41.
Qd4 Qa7 42. Qd2 Qc5 43. Qe1 Qe7 44. Qf2 Rc6 45. Qa7 d6 46. Qxa5 dxe5 47. Qxe5
Qxh4+ 48. Kg1 Qe7 49. Qh8 Rd6 50. Qh7+ Kf6 51. Qh8+ Kf7 52. Qh7+ Kf6 1/2-1/2

[Event "Europa tch 2011 femenino"]
[Site "Porto Carras"]
[Date "2011.11.05"]
[Round "3.14"]
[White "Zimina, Olga"]
[Black "Houska, Jovanka"]
[Result "0-1"]
[WhiteElo "2338"]
[BlackElo "2415"]
[PlyCount "66"]
[EventDate "2011.11.03"]
[EventType "team"]
[EventRounds "9"]
[EventCountry "GRE"]
[Source "lmi"]
[SourceDate "2011.11.03"]

1. e4 c6 2. d4 d5 3. Nc3 dxe4 4. Nxe4 Bf5 5. Ng3 Bg6 6. h4 h6 7. Nf3 Nd7 8. h5
Bh7 9. Bd3 Bxd3 10. Qxd3 e6 11. Bd2 Ngf6 12. O-O-O Be7 13. Qe2 Rc8 14. Kb1 O-O
15. Nf1 c5 16. g4 cxd4 17. g5 Qc7 18. Nxd4 hxg5 19. Bxg5 Qe5 20. Be3 Rfd8 21.
Nh2 Nf8 22. Nhf3 Qa5 23. Rdg1 Rd5 24. Ng5 Rcd8 25. h6 g6 26. h7+ N6xh7 27. Nxh7
Nxh7 28. Nxe6 fxe6 29. Rxg6+ Kf7 30. Rxh7+ Kxg6 31. Rxe7 Rd1+ 32. Bc1 Rxc1+ 33.
Kxc1 Qg5+ 0-1

[Event "Europa tch 2011 femenino"]
[Site "Porto Carras"]
[Date "2011.11.06"]
[Round "4.1"]
[White "Gaponenko, Inna"]
[Black "Gunina, Valentina"]
[Result "0-1"]
[WhiteElo "2435"]
[BlackElo "2514"]
[PlyCount "76"]
[EventDate "2011.11.03"]
[EventType "team"]
[EventRounds "9"]
[EventCountry "GRE"]
[Source "lmi"]
[SourceDate "2011.11.03"]

1. e4 c6 2. d4 d5 3. exd5 cxd5 4. c4 Nf6 5. Nc3 e6 6. Nf3 Bb4 7. cxd5 Nxd5 8.
Bd2 Nc6 9. Bd3 h6 10. O-O O-O 11. Re1 Be7 12. Nxd5 Qxd5 13. Bc3 Bf6 14. Be4 Qd6
15. d5 exd5 16. Bxd5 Kh8 17. Bxf6 Qxf6 18. Qb3 a5 19. Rad1 Nb4 20. Ne5 Bf5 21.
Qf3 Rad8 22. a3 Nc2 23. Re2 Rfe8 24. g4 Rxe5 25. Rxe5 Bxg4 26. Qxg4 Qxe5 27.
Qc4 Qxb2 28. Qc5 b6 29. Qe7 Qf6 30. Qe4 Nxa3 31. Rd3 Nb5 32. Qc4 Nd6 33. Qc7
Rc8 34. Qxb6 Rc1+ 35. Kg2 Qg5+ 36. Kf3 Qf5+ 37. Ke3 Re1+ 38. Kd2 Rd1+ 0-1

[Event "Europa tch 2011 femenino"]
[Site "Porto Carras"]
[Date "2011.11.06"]
[Round "4.1"]
[White "Kosintseva, Tatiana"]
[Black "Zhukova, Natalia"]
[Result "1-0"]
[WhiteElo "2526"]
[BlackElo "2427"]
[PlyCount "91"]
[EventDate "2011.11.03"]
[EventType "team"]
[EventRounds "9"]
[EventCountry "GRE"]
[Source "lmi"]
[SourceDate "2011.11.03"]

1. e4 d6 2. d4 Nf6 3. Nc3 g6 4. Be3 a6 5. Qd2 b5 6. f3 Bb7 7. Nh3 Nbd7 8. Nf2
c5 9. d5 Nb6 10. a4 b4 11. Ncd1 e6 12. a5 Nbd7 13. c4 Qe7 14. Be2 Bg7 15. O-O
O-O 16. Nd3 Rfe8 17. Nf4 Rad8 18. Nf2 Nf8 19. Rfe1 exd5 20. Nxd5 Nxd5 21. cxd5
Nd7 22. Bf1 Qf8 23. Bg5 Rb8 24. Ng4 h5 25. Ne3 Ne5 26. f4 Nd7 27. Nc4 Nf6 28.
Bd3 Ng4 29. Bh4 Bh6 30. h3 Ne5 31. Bf1 Nxc4 32. Bxc4 Qg7 33. Bg3 Qf6 34. Qf2 h4
35. Bh2 Rbd8 36. Rad1 Rd7 37. e5 Qd8 38. e6 Rde7 39. f5 gxf5 40. Qxf5 Bg7 41.
Bxd6 Qxd6 42. exf7+ Kf8 43. fxe8=Q+ Kxe8 44. Rxe7+ Qxe7 45. Qg6+ Kd8 46. Rf1
1-0

[Event "Europa tch 2011 femenino"]
[Site "Porto Carras"]
[Date "2011.11.06"]
[Round "4.1"]
[White "Kosteniuk, Alexandra"]
[Black "Muzychuk, Mariya"]
[Result "1/2-1/2"]
[WhiteElo "2439"]
[BlackElo "2460"]
[PlyCount "115"]
[EventDate "2011.11.03"]
[EventType "team"]
[EventRounds "9"]
[EventCountry "GRE"]
[Source "lmi"]
[SourceDate "2011.11.03"]

1. e4 c5 2. Nf3 e6 3. d4 cxd4 4. Nxd4 a6 5. Bd3 Bc5 6. Nb3 Ba7 7. O-O d6 8. c4
Nf6 9. Nc3 Nc6 10. Kh1 e5 11. Qe2 Ng4 12. h3 Qh4 13. Nd1 Be6 14. Bd2 h5 15. Qf3
O-O-O 16. Rc1 Nh6 17. Ne3 Bg4 18. Qg3 Qxg3 19. fxg3 Be6 20. Be2 g6 21. Nd5 Kb8
22. Bg5 Rc8 23. Rcd1 Ng4 24. Bxg4 hxg4 25. h4 Rh5 26. Be3 Bxe3 27. Nxe3 g5 28.
Kg1 gxh4 29. Kf2 h3 30. Rxd6 hxg2 31. Rg1 Rch8 32. Nc5 Kc7 33. Rdd1 Bc8 34.
Rxg2 Nd4 35. Nd5+ Kb8 36. Nf6 Rg5 37. Ncd7+ Bxd7 38. Nxd7+ Kc7 39. Nxe5 Rxe5
40. Rxd4 Rhe8 41. Ke3 f5 42. Kf4 Rxe4+ 43. Rxe4 Rxe4+ 44. Kxf5 Rxc4 45. b3 Rd4
46. Ke5 Rd3 47. Kf5 Rd4 48. Rc2+ Kb6 49. Rc4 Rd2 50. Ra4 Ka7 51. Kxg4 b5 52.
Re4 Rxa2 53. Kf3 a5 54. g4 a4 55. bxa4 Rxa4 56. g5 Kb6 57. Re8 Ra1 58. Rb8+
1/2-1/2

[Event "Europa tch 2011 femenino"]
[Site "Porto Carras"]
[Date "2011.11.06"]
[Round "4.1"]
[White "Lahno, Kateryna"]
[Black "Kosintseva, Nadezhda"]
[Result "1-0"]
[WhiteElo "2549"]
[BlackElo "2546"]
[PlyCount "83"]
[EventDate "2011.11.03"]
[EventType "team"]
[EventRounds "9"]
[EventCountry "GRE"]
[Source "lmi"]
[SourceDate "2011.11.03"]

1. d4 Nf6 2. c4 e6 3. Nf3 b6 4. g3 Ba6 5. Nbd2 d5 6. Bg2 Be7 7. O-O O-O 8. Ne5
Bb7 9. Qc2 c5 10. cxd5 exd5 11. dxc5 bxc5 12. Nb3 Qc7 13. Nd3 Nbd7 14. Be3 Rfc8
15. Rac1 d4 16. Nxd4 cxd4 17. Qxc7 Rxc7 18. Rxc7 Bxg2 19. Kxg2 dxe3 20. Rfc1
exf2 21. Rc8+ Rxc8 22. Rxc8+ Bf8 23. Ra8 Ne4 24. Rxa7 Ndf6 25. Ra4 h5 26. Nxf2
Nxf2 27. Kxf2 g5 28. Ra8 Kg7 29. a4 g4 30. a5 Nd5 31. Rc8 Nb4 32. Ke3 Bd6 33.
a6 Nxa6 34. Rc6 Be5 35. Rxa6 Bxb2 36. Kf4 f6 37. Kf5 Bd4 38. e4 Bg1 39. Rxf6
Bxh2 40. e5 Bxg3 41. e6 Bd6 42. Rf7+ 1-0

[Event "Europa tch 2011 femenino"]
[Site "Porto Carras"]
[Date "2011.11.06"]
[Round "4.2"]
[White "Danielian, Elina"]
[Black "Dzagnidze, Nana"]
[Result "1/2-1/2"]
[WhiteElo "2507"]
[BlackElo "2516"]
[PlyCount "69"]
[EventDate "2011.11.03"]
[EventType "team"]
[EventRounds "9"]
[EventCountry "GRE"]
[Source "lmi"]
[SourceDate "2011.11.03"]

1. Nf3 Nf6 2. c4 c5 3. g3 Nc6 4. Bg2 d6 5. O-O e5 6. Nc3 Be7 7. e3 O-O 8. d4
cxd4 9. exd4 Bg4 10. h3 Bh5 11. g4 Bg6 12. Nh4 exd4 13. Nxg6 hxg6 14. Ne2 Qb6
15. b3 Nh7 16. Nf4 Rfe8 17. Bb2 Ng5 18. Bd5 Bf6 19. h4 Ne6 20. Bxe6 Rxe6 21.
Nxe6 fxe6 22. g5 Be5 23. Qd3 Rf8 24. Qxg6 d3 25. Qxe6+ Kh8 26. Bxe5 Nxe5 27.
Qd5 Rf4 28. Kg2 Rd4 29. Qb5 Rg4+ 30. Kh3 Qd4 31. Qe8+ Kh7 32. Qh5+ Kg8 33. Qe8+
Kh7 34. Qh5+ Kg8 35. Rae1 1/2-1/2

[Event "Europa tch 2011 femenino"]
[Site "Porto Carras"]
[Date "2011.11.06"]
[Round "4.2"]
[White "Galojan, Lilit"]
[Black "Khurtsidze, Nino"]
[Result "0-1"]
[WhiteElo "2383"]
[BlackElo "2440"]
[PlyCount "124"]
[EventDate "2011.11.03"]
[EventType "team"]
[EventRounds "9"]
[EventCountry "GRE"]
[Source "lmi"]
[SourceDate "2011.11.03"]

1. d4 Nf6 2. c4 Nc6 3. Nc3 e5 4. d5 Ne7 5. e4 Ng6 6. Be3 Bb4 7. f3 O-O 8. a3
Bxc3+ 9. bxc3 d6 10. Bd3 b6 11. Ne2 Nd7 12. O-O Nc5 13. Bb1 Ba6 14. Bxc5 bxc5
15. Qa4 Bc8 16. Rf2 Bd7 17. Qd1 Rb8 18. Bd3 Qg5 19. Qc1 h6 20. Rf1 Rb6 21. Qxg5
hxg5 22. Rfb1 Rfb8 23. Rxb6 axb6 24. Kf2 f6 25. Nc1 Ra8 26. Ke3 Kf7 27. Bf1 g4
28. fxg4 Bxg4 29. h3 Bd7 30. Nd3 Ke7 31. Ra2 Nh8 32. Ra1 Nf7 33. Be2 g6 34. Bf1
f5 35. Nf2 Ng5 36. h4 Nh7 37. Be2 Nf6 38. g3 Ra4 39. Kf3 fxe4+ 40. Ke3 b5 41.
Nxe4 Nxe4 42. Kxe4 b4 43. g4 Rxa3 44. Rc1 bxc3 45. Kd3 c2+ 46. Kxc2 Rg3 47. g5
Bf5+ 48. Kd2 Rh3 49. h5 gxh5 50. Rf1 Bg6 51. Rf6 Bf7 52. Rh6 Rg3 53. Bxh5 Rxg5
54. Be2 Bg6 55. Rh8 Rg3 56. Rg8 e4 57. Ke1 e3 58. Kf1 Kf6 59. Rh8 Ke5 60. Rh4
Bf5 61. Bh5 Rh3 62. Rxh3 Bxh3+ 0-1

[Event "Europa tch 2011 femenino"]
[Site "Porto Carras"]
[Date "2011.11.06"]
[Round "4.2"]
[White "Melia, Salome"]
[Black "Aginian, Nelly"]
[Result "1-0"]
[WhiteElo "2392"]
[BlackElo "2263"]
[PlyCount "113"]
[EventDate "2011.11.03"]
[EventType "team"]
[EventRounds "9"]
[EventCountry "GRE"]
[Source "lmi"]
[SourceDate "2011.11.03"]

1. e4 e6 2. Qe2 Ne7 3. Nf3 d5 4. d3 Nbc6 5. c3 e5 6. g3 d4 7. Bg2 g6 8. Nbd2
Bg7 9. Nb3 a5 10. a4 b6 11. O-O O-O 12. Nbd2 dxc3 13. bxc3 Ba6 14. Nc4 Qd7 15.
Rd1 Rad8 16. Ba3 h6 17. Qa2 Rfe8 18. Ne3 Qe6 19. Nd5 Rd7 20. h4 Bb7 21. c4 Bf8
22. Kh2 Nb4 23. Bxb4 axb4 24. Nxb4 Qf6 25. Qb2 Nc8 26. Nd5 Bxd5 27. cxd5 Bc5
28. Rdc1 Bd6 29. Bh3 Rdd8 30. Qe2 Ne7 31. Kg2 Ra8 32. Bd7 Red8 33. Bb5 Bc5 34.
a5 Qd6 35. a6 c6 36. dxc6 f6 37. Qa2+ Kg7 38. Qa4 Rdc8 39. Rc2 Nxc6 40. Bxc6
Rxc6 41. h5 Rcc8 42. hxg6 Ra7 43. Qb5 Rd8 44. Rd2 Bb4 45. Rdd1 Qc5 46. Qa4 b5
47. Qa2 Bc3 48. Rac1 b4 49. Nh4 Qb5 50. Qe2 Qd7 51. Qh5 Rh8 52. Nf5+ Kg8 53.
Rh1 Bd2 54. Rc5 Ra8 55. Rd5 Qc7 56. Rd1 Qc3 57. Qh4 1-0

[Event "Europa tch 2011 femenino"]
[Site "Porto Carras"]
[Date "2011.11.06"]
[Round "4.2"]
[White "Paikidze, Nazi"]
[Black "Mkrtchian, Lilit"]
[Result "1/2-1/2"]
[WhiteElo "2422"]
[BlackElo "2469"]
[PlyCount "67"]
[EventDate "2011.11.03"]
[EventType "team"]
[EventRounds "9"]
[EventCountry "GRE"]
[Source "lmi"]
[SourceDate "2011.11.03"]

1. d4 d5 2. c4 dxc4 3. Nf3 Nf6 4. e3 Bg4 5. Bxc4 e6 6. h3 Bh5 7. Nc3 a6 8. a4
Nc6 9. Be2 Bd6 10. O-O O-O 11. Bd2 Qe7 12. Ne5 Bxe2 13. Nxc6 Bxd1 14. Nxe7+
Bxe7 15. Rfxd1 c5 16. dxc5 Bxc5 17. a5 Rac8 18. Na4 Be7 19. Nc3 Bc5 20. Na4 Be7
21. Rac1 Rfd8 22. Be1 Kf8 23. Rxd8+ Rxd8 24. Kf1 Ke8 25. Rc7 Rd7 26. Rc8+ Rd8
27. Rc7 Rb8 28. Rc4 Nd7 29. Bc3 g6 30. Ke2 Kd8 31. Rd4 Ke8 32. Rc4 Kd8 33. Rd4
Ke8 34. Rc4 1/2-1/2

[Event "Europa tch 2011 femenino"]
[Site "Porto Carras"]
[Date "2011.11.06"]
[Round "4.3"]
[White "Nikolova, Adriana"]
[Black "Toma, Katarzyna"]
[Result "0-1"]
[WhiteElo "2286"]
[BlackElo "2297"]
[PlyCount "76"]
[EventDate "2011.11.03"]
[EventType "team"]
[EventRounds "9"]
[EventCountry "GRE"]
[Source "lmi"]
[SourceDate "2011.11.03"]

1. e4 e5 2. Nf3 Nc6 3. Bb5 Nge7 4. c3 a6 5. Bxc6 Nxc6 6. d4 d6 7. h3 Be7 8. Be3
O-O 9. g4 exd4 10. Nxd4 Nxd4 11. Qxd4 c5 12. Qd3 b5 13. Nd2 Bb7 14. b3 d5 15.
exd5 Bxd5 16. O-O Bc6 17. Qxd8 Raxd8 18. c4 f5 19. f4 Rd3 20. Kf2 Bf6 21. Ke2
Rfd8 22. Rac1 Bg2 23. Rg1 Bxh3 24. g5 Bb2 25. Rb1 Rxe3+ 26. Kxe3 Bd4+ 27. Ke2
Bg4+ 28. Rxg4 fxg4 29. Ne4 b4 30. Rh1 Re8 31. Kd3 Rf8 32. Rf1 h5 33. gxh6 gxh6
34. f5 Kh7 35. Ng3 Re8 36. Ne4 g3 37. f6 g2 38. Re1 g1=Q 0-1

[Event "Europa tch 2011 femenino"]
[Site "Porto Carras"]
[Date "2011.11.06"]
[Round "4.3"]
[White "Videnova, Iva"]
[Black "Zawadzka, Jolanta"]
[Result "1/2-1/2"]
[WhiteElo "2297"]
[BlackElo "2326"]
[PlyCount "69"]
[EventDate "2011.11.03"]
[EventType "team"]
[EventRounds "9"]
[EventCountry "GRE"]
[Source "lmi"]
[SourceDate "2011.11.03"]

1. e4 e5 2. Nf3 Nc6 3. Bb5 a6 4. Ba4 Nf6 5. O-O b5 6. Bb3 Bb7 7. c3 Nxe4 8. d4
exd4 9. Re1 d5 10. Ng5 Qd7 11. f3 h6 12. Nxf7 Qxf7 13. fxe4 O-O-O 14. cxd4 Na5
15. Nc3 Bb4 16. e5 Rhf8 17. Be3 Nc4 18. Qe2 Nxe3 19. Qxe3 Qf4 20. a3 Qxe3+ 21.
Rxe3 Be7 22. Rf1 c6 23. Ref3 Rxf3 24. Rxf3 Rf8 25. Rxf8+ Bxf8 26. Ne2 Kd7 27.
Bc2 Be7 28. Nf4 c5 29. Bf5+ Ke8 30. Bg6+ Kd7 31. Bf5+ Ke8 32. Ne6 cxd4 33.
Nxg7+ Kf7 34. Ne6 Bc8 35. Nd8+ 1/2-1/2

[Event "Europa tch 2011 femenino"]
[Site "Porto Carras"]
[Date "2011.11.06"]
[Round "4.4"]
[White "Bulmaga, Irina"]
[Black "Stojanovic, Andjelija"]
[Result "1-0"]
[WhiteElo "2334"]
[BlackElo "2280"]
[PlyCount "71"]
[EventDate "2011.11.03"]
[EventType "team"]
[EventRounds "9"]
[EventCountry "GRE"]
[Source "lmi"]
[SourceDate "2011.11.03"]

1. e4 d6 2. d4 Nf6 3. Bd3 e5 4. c3 Nc6 5. Nf3 g6 6. h3 Bg7 7. O-O O-O 8. Re1 h6
9. Na3 exd4 10. cxd4 Nb4 11. Bb1 c5 12. Nb5 a6 13. Nxd6 Qxd6 14. e5 Qd8 15.
exf6 Qxf6 16. dxc5 Bf5 17. Bd2 Rad8 18. Qa4 Nd3 19. Bxd3 Rxd3 20. Bc3 Rxc3 21.
bxc3 Qxc3 22. Rac1 Qb2 23. Qa5 Kh7 24. Qc7 Be4 25. Qf4 Bc6 26. Ne5 Bxe5 27.
Rxe5 Qxa2 28. h4 h5 29. Rd1 Qb3 30. Rd6 Kg8 31. Kh2 Qa4 32. Rd4 Qc2 33. Rd6 Qa4
34. Qf6 Qg4 35. f3 Qc4 36. Rxh5 1-0

[Event "Europa tch 2011 femenino"]
[Site "Porto Carras"]
[Date "2011.11.06"]
[Round "4.4"]
[White "Chelushkina, Irina"]
[Black "L'ami, Alina"]
[Result "1-0"]
[WhiteElo "2276"]
[BlackElo "2364"]
[PlyCount "77"]
[EventDate "2011.11.03"]
[EventType "team"]
[EventRounds "9"]
[EventCountry "GRE"]
[Source "lmi"]
[SourceDate "2011.11.03"]

1. e4 c5 2. Nf3 d6 3. c3 Nf6 4. Bd3 g6 5. Bc2 Bg7 6. h3 O-O 7. O-O Nbd7 8. d4
Qc7 9. Re1 e5 10. Be3 b5 11. a4 bxa4 12. dxe5 dxe5 13. Rxa4 Rb8 14. Ra2 Nb6 15.
Nbd2 Be6 16. b3 c4 17. b4 h6 18. Ra5 Nh5 19. Rc5 Qd6 20. Nb1 Qe7 21. Nxe5 Rb7
22. Nf3 Rd8 23. Qc1 Kh7 24. Rxh5 gxh5 25. e5+ Rd3 26. Bc5 Qd7 27. Nbd2 Kh8 28.
Bxd3 cxd3 29. Ne4 Nc4 30. Bd4 Rb5 31. Qf4 a5 32. bxa5 Rxa5 33. Rb1 Rb5 34. Ra1
Qb7 35. Kh2 Rb1 36. Nd6 Nxd6 37. Rxb1 Qxb1 38. exd6 Qb2 39. Qxh6+ 1-0

[Event "Europa tch 2011 femenino"]
[Site "Porto Carras"]
[Date "2011.11.06"]
[Round "4.4"]
[White "Drljevic, Ljilja"]
[Black "Voicu Jagodzinsky, Carmen"]
[Result "1/2-1/2"]
[WhiteElo "2273"]
[BlackElo "2300"]
[PlyCount "112"]
[EventDate "2011.11.03"]
[EventType "team"]
[EventRounds "9"]
[EventCountry "GRE"]
[Source "lmi"]
[SourceDate "2011.11.03"]

1. e4 c5 2. d3 Nc6 3. g3 d5 4. Nd2 e6 5. Bg2 Nf6 6. Ngf3 Be7 7. O-O O-O 8. e5
Ne8 9. Re1 Nc7 10. Nf1 b5 11. h4 b4 12. Ng5 Nd4 13. Ne3 h6 14. Nh3 Rb8 15. Nf4
Nf5 16. Nxf5 exf5 17. a3 b3 18. cxb3 Be6 19. d4 cxd4 20. Ne2 Qd7 21. Nxd4 Rfc8
22. b4 Nb5 23. Be3 a6 24. Qd3 Rc4 25. Nxb5 axb5 26. b3 Rc6 27. Red1 Qc7 28.
Bxd5 Rc3 29. Qf1 Rxe3 30. fxe3 Qxe5 31. Qf4 Bf6 32. Rac1 Rb6 33. Qxe5 Bxe5 34.
Bxe6 fxe6 35. Kg2 Kf7 36. Rd7+ Kf6 37. Ra7 g5 38. Rc8 Rd6 39. Rf8+ Kg6 40. Rg8+
Kf6 41. hxg5+ hxg5 42. g4 fxg4 43. Rf8+ Kg6 44. Rf2 Rd3 45. Re7 Kh5 46. Rxe6
Rxe3 47. Rf5 Rg3+ 48. Kf2 Bf4 49. Rxb5 Rxb3 50. Re2 Rxa3 51. Rb7 g3+ 52. Kg2
Kg4 53. Rbe7 Rb3 54. R7e4 Rb1 55. Rc4 Rb3 56. Rce4 Rb1 1/2-1/2

[Event "Europa tch 2011 femenino"]
[Site "Porto Carras"]
[Date "2011.11.06"]
[Round "4.4"]
[White "Foisor, Cristina-Adela"]
[Black "Bojkovic, Natasa"]
[Result "1/2-1/2"]
[WhiteElo "2418"]
[BlackElo "2396"]
[PlyCount "67"]
[EventDate "2011.11.03"]
[EventType "team"]
[EventRounds "9"]
[EventCountry "GRE"]
[Source "lmi"]
[SourceDate "2011.11.03"]

1. c4 Nf6 2. Nf3 e6 3. g3 d5 4. Bg2 dxc4 5. Qa4+ Nbd7 6. Qxc4 a6 7. Qb3 Rb8 8.
a4 b6 9. O-O Bb7 10. d3 Bd6 11. Na3 O-O 12. Nc4 e5 13. Nxd6 cxd6 14. Qa3 Nc5
15. b4 Ne6 16. Bb2 Qd7 17. Rac1 Rfc8 18. a5 bxa5 19. bxa5 h6 20. Ba1 Nc7 21.
Qa2 Nb5 22. Qd2 Rxc1 23. Rxc1 Rc8 24. Bb2 Qd8 25. Rc4 Bd5 26. Rxc8 Qxc8 27. e4
Be6 28. Ne1 Nd7 29. d4 exd4 30. Bf1 Bc4 31. Bh3 Be6 32. Bf1 Bc4 33. Bh3 Be6 34.
Bf1 1/2-1/2

[Event "Europa tch 2011 femenino"]
[Site "Porto Carras"]
[Date "2011.11.06"]
[Round "4.5"]
[White "Alexandrova, Olga"]
[Black "Milliet, Sophie"]
[Result "1/2-1/2"]
[WhiteElo "2423"]
[BlackElo "2386"]
[PlyCount "44"]
[EventDate "2011.11.03"]
[EventType "team"]
[EventRounds "9"]
[EventCountry "GRE"]
[Source "lmi"]
[SourceDate "2011.11.03"]

1. d4 Nf6 2. c4 e6 3. Nc3 Bb4 4. e3 O-O 5. Bd3 c5 6. Nf3 d5 7. O-O Nc6 8. a3
Bxc3 9. bxc3 Qc7 10. cxd5 exd5 11. a4 Re8 12. Ba3 c4 13. Bc2 Ne4 14. Bxe4 Rxe4
15. Nd2 Re8 16. e4 dxe4 17. Nxc4 Nb4 18. Nd6 Qxd6 19. Bxb4 Qd5 20. a5 Bd7 21.
Qd2 Rac8 22. Rfe1 Bb5 1/2-1/2